| 000 | 00404nam a2200169Ia 4500 | ||
|---|---|---|---|
| 999 |
_c16439 _d16439 |
||
| 082 | _aTK.0007 | ||
| 100 | _aKant, Vasant P. | ||
| 245 | 0 | _aLeprosy patients : A sociological study | |
| 260 |
_c1986 _bGujarat University |
||
| 300 | _a311p. + C D - 43 | ||
| 650 | _aPATIENTS//SICK | ||
| 650 | _aSICK | ||
| 650 | _aLEPERS | ||
| 650 | _aLEPROSY///LEPERS | ||
| 710 | _aMashihi, Edwin | ||
| 942 |
_cTH _2ddc |
||